|
|
|
|
| LEADER |
02670nam a2200385 a 4500 |
| 001 |
12427685 |
| 008 |
120320r20112002nyua 001 0 eng |
| 010 |
|
|
|a 2001026754
|
| 020 |
|
|
|a 9788126512591
|
| 020 |
|
|
|a 047138156X (acid-free paper)
|
| 040 |
|
|
|a DLC
|c DLC
|d DLC
|d BD-DhAAL
|
| 050 |
0 |
0 |
|a QA303.2
|b .A57 2002
|
| 082 |
0 |
0 |
|a 515
|2 21
|
| 100 |
1 |
|
|a Anton, Howard.
|
| 245 |
1 |
0 |
|a Calculus /
|c Howard Anton, Irl Bivens, Stephen Davis.
|
| 250 |
|
|
|a 7th ed.
|
| 260 |
|
|
|a New York ;
|a New Delhi :
|b Wiley,
|c c2002 [reprinted 2011].
|
| 300 |
|
|
|a 1 v. (various pagings) :
|b ill. (some col.) ;
|c 27 cm. +
|e 1 computer optical disc (4 3/4 in.)
|
| 500 |
|
|
|a Includes index.
|
| 541 |
|
|
|e 00024799
|
| 650 |
|
0 |
|a Calculus.
|
| 700 |
1 |
|
|a Bivens, Irl.
|
| 700 |
1 |
|
|a Davis, Stephen,
|d 1952-
|
| 852 |
1 |
|
|a Ayesha Abed Library
|c General shelf.
|
| 999 |
|
|
|c 12003
|d 12003
|
| 952 |
|
|
|0 0
|1 0
|2 ddc
|4 0
|6 515_000000000000000_ANT
|7 0
|9 19728
|a BRACUL
|b BRACUL
|c GEN
|d 2012-03-15
|e Development Book Agency
|g 1556.80
|l 32
|m 189
|o 515 ANT
|p 3010024799
|r 2026-04-12
|s 2026-02-26
|t 1
|w 2012-03-20
|y BK
|x Koha Inventory 2020
|
| 952 |
|
|
|0 0
|1 0
|2 ddc
|4 0
|6 515_000000000000000_ANT
|7 0
|9 19729
|a BRACUL
|b BRACUL
|c GEN
|d 2012-03-15
|e Development Book Agency
|g 1556.80
|l 63
|m 337
|o 515 ANT
|p 3010024800
|r 2026-05-14
|s 2026-05-13
|t 2
|w 2012-03-20
|y BK
|
| 952 |
|
|
|0 0
|1 0
|2 ddc
|4 0
|6 515_000000000000000_ANT
|7 0
|9 19730
|a BRACUL
|b BRACUL
|c GEN
|d 2012-03-15
|e Development Book Agency
|g 1556.80
|l 41
|m 299
|o 515 ANT
|p 3010024801
|q 2025-03-04
|r 2024-06-04
|s 2024-06-04
|t 3
|w 2012-03-20
|y BK
|
| 952 |
|
|
|0 0
|1 3
|2 ddc
|4 0
|6 515_000000000000000_ANT
|7 0
|9 19731
|a BRACUL
|b BRACUL
|c GEN
|d 2012-03-15
|e Development Book Agency
|g 1556.80
|l 3
|m 13
|o 515 ANT
|p 3010024802
|r 2015-09-17
|s 2012-05-28
|t 4
|w 2012-03-20
|y BK
|x Lost and cost paid by Student (1556X2)=BDT3112/- Date: 17/09/205
|
| 952 |
|
|
|0 0
|1 0
|2 ddc
|4 0
|6 515_000000000000000_ANT
|7 0
|9 19732
|a BRACUL
|b BRACUL
|c GEN
|d 2012-03-15
|e Development Book Agency
|g 1556.80
|l 47
|m 339
|o 515 ANT
|p 3010024803
|q 2026-05-19
|r 2026-03-07
|s 2026-03-07
|t 5
|w 2012-03-20
|y BK
|
| 952 |
|
|
|0 0
|1 0
|2 ddc
|4 0
|6 515_ANT
|7 0
|9 19733
|a BRACUL
|b BRACUL
|c AV
|d 2012-03-15
|l 0
|o 515 ANT
|p 4010024799
|r 2012-03-20
|t 1
|w 2012-03-20
|y AV
|
| 952 |
|
|
|0 0
|1 0
|2 ddc
|4 0
|6 515_ANT
|7 0
|9 19734
|a BRACUL
|b BRACUL
|c AV
|d 2012-03-15
|l 2
|o 515 ANT
|p 4010024800
|r 2013-11-14
|s 2013-11-08
|t 2
|w 2012-03-20
|y AV
|
| 952 |
|
|
|0 0
|1 0
|2 ddc
|4 0
|6 515_ANT
|7 0
|9 19735
|a BRACUL
|b BRACUL
|c AV
|d 2012-03-15
|l 0
|o 515 ANT
|p 4010024801
|r 2012-03-20
|t 3
|w 2012-03-20
|y AV
|
| 952 |
|
|
|0 0
|1 0
|2 ddc
|4 0
|6 515_ANT
|7 0
|9 19736
|a BRACUL
|b BRACUL
|c AV
|d 2012-03-15
|l 0
|o 515 ANT
|p 4010024802
|r 2012-03-20
|t 4
|w 2012-03-20
|y AV
|
| 952 |
|
|
|0 0
|1 0
|2 ddc
|4 0
|6 515_ANT
|7 0
|9 19737
|a BRACUL
|b BRACUL
|c GEN
|d 2012-03-15
|l 2
|o 515 ANT
|p 4010024803
|r 2013-05-18
|s 2013-05-15
|t 5
|w 2012-03-20
|y AV
|